000 01077nam a22002297a 4500
003 0
005 20241119091945.0
008 241119b xxu||||| |||| 00| 0 eng d
020 _a9781138842229
050 _aHF 5548.8
_b.L86 2024
100 _aLuong, Alexandra,
_eauthor.
245 _aPersonnel psychology /
_cAlexandra Luong, Justin M. Sprung and Michael J. Zickar.
260 _aNew York, NY :
_bRoutledge,
_c2024.
300 _av, 250 p. :
_bill. ;
_c26 cm.
504 _aIncludes bibliographical references and index.
520 _a"Accessible and engaging, this textbook introduces students to the field of personnel psychology, also known as industrial psychology. Based on their years of teaching in this area, Luong, Sprung, and Zickar survey core topics in the field, including job analysis, recruitment, selection, assessment, and performance evaluation"--Provided by publisher.
650 _aPsychology, Industrial.
650 _aPersonnel management.
700 _aSprung, Justin M.,
_eauthor.
700 _aZickar, Michael J.,
_eauthor.
942 _2lcc
_cBK
999 _c366759
_d366759